[Event "DEM U16w 2025"]
[Site "Willingen GER"]
[Date "2025.06.14"]
[Round "9"]
[White "Rabe, Elina"]
[Black "Preißler, Viktoria"]
[Result "0-1"]
[Termination "normal"]
[Board "8"]
[WhiteElo "1507"]
[BlackElo "1828"]
[WhiteClock "00:27:33"]
[BlackClock "00:04:10"]
[PlyCount "92"]
[WhiteFideId "34623531"]
[BlackFideId "34693360"]
[EventCountry "GER"]
[EventRounds "9"]
[EventType "swiss"]
[EventDate "2025.06.07"]

1. d4 {[%clk 01:30:59]} {[%emt 00:00:02]} f5 {[%clk 01:30:53]} {[%emt
00:00:07]} 2. h3 {[%clk 01:31:22]} {[%emt 00:00:06]} Nf6 {[%clk 01:31:14]}
{[%emt 00:00:10]} 3. g4 {[%clk 01:31:44]} {[%emt 00:00:08]} fxg4 {[%clk
01:31:38]} {[%emt 00:00:06]} 4. hxg4 {[%clk 01:32:05]} {[%emt 00:00:09]} Nxg4
{[%clk 01:31:58]} {[%emt 00:00:10]} 5. Qd3 {[%clk 01:32:22]} {[%emt 00:00:13]}
g6 {[%clk 01:21:21]} {[%emt 00:11:08]} 6. Nf3 {[%clk 01:21:13]} {[%emt
00:11:38]} e6 {[%clk 01:03:28]} {[%emt 00:18:24]} 7. Ng5 {[%clk 01:11:39]}
{[%emt 00:10:03]} Qf6 {[%clk 01:01:20]} {[%emt 00:02:39]} 8. f3 {[%clk
01:07:28]} {[%emt 00:04:40]} Bh6 {[%clk 00:58:47]} {[%emt 00:03:03]} 9. Qd2
{[%clk 01:01:12]} {[%emt 00:06:45]} Rf8 {[%clk 00:51:29]} {[%emt 00:07:48]} 10.
c3 {[%clk 00:54:10]} {[%emt 00:07:34]} Bxg5 {[%clk 00:47:41]} {[%emt 00:04:18]}
11. Qxg5 {[%clk 00:54:26]} {[%emt 00:00:14]} Qxg5 {[%clk 00:47:28]} {[%emt
00:00:42]} 12. Bxg5 {[%clk 00:54:54]} {[%emt 00:00:02]} Nf6 {[%clk 00:47:43]}
{[%emt 00:00:15]} 13. Bxf6 {[%clk 00:55:04]} {[%emt 00:00:20]} Rxf6 {[%clk
00:48:07]} {[%emt 00:00:06]} 14. Rxh7 {[%clk 00:55:30]} {[%emt 00:00:04]} Nc6
{[%clk 00:46:04]} {[%emt 00:02:33]} 15. Nd2 {[%clk 00:54:45]} {[%emt 00:01:14]}
d6 {[%clk 00:42:58]} {[%emt 00:03:37]} 16. Rh8+ {[%clk 00:53:25]} {[%emt
00:01:51]} Rf8 {[%clk 00:42:50]} {[%emt 00:00:37]} 17. Rxf8+ {[%clk 00:53:44]}
{[%emt 00:00:11]} Kxf8 {[%clk 00:43:14]} {[%emt 00:00:06]} 18. e4 {[%clk
00:53:43]} {[%emt 00:00:31]} Bd7 {[%clk 00:42:26]} {[%emt 00:01:18]} 19. O-O-O
{[%clk 00:53:48]} {[%emt 00:00:24]} Ke7 {[%clk 00:38:51]} {[%emt 00:04:06]} 20.
Bd3 {[%clk 00:53:16]} {[%emt 00:01:02]} Rg8 {[%clk 00:34:16]} {[%emt 00:05:04]}
21. Rh1 {[%clk 00:51:57]} {[%emt 00:01:49]} e5 {[%clk 00:32:33]} {[%emt
00:02:14]} 22. d5 {[%clk 00:50:54]} {[%emt 00:01:33]} Nd8 {[%clk 00:30:38]}
{[%emt 00:02:25]} 23. Rh7+ {[%clk 00:48:30]} {[%emt 00:02:54]} Nf7 {[%clk
00:29:53]} {[%emt 00:01:14]} 24. Nf1 {[%clk 00:45:55]} {[%emt 00:03:05]} Rh8
{[%clk 00:25:13]} {[%emt 00:05:11]} 25. Rxh8 {[%clk 00:42:39]} {[%emt
00:03:46]} Nxh8 {[%clk 00:24:05]} {[%emt 00:01:38]} 26. Kd2 {[%clk 00:41:43]}
{[%emt 00:01:26]} Kf6 {[%clk 00:22:52]} {[%emt 00:01:43]} 27. Ke2 {[%clk
00:40:52]} {[%emt 00:01:20]} Kg5 {[%clk 00:21:22]} {[%emt 00:02:01]} 28. Kf2
{[%clk 00:40:18]} {[%emt 00:01:04]} Nf7 {[%clk 00:19:23]} {[%emt 00:02:29]} 29.
Kg3 {[%clk 00:39:20]} {[%emt 00:01:27]} Nh6 {[%clk 00:17:45]} {[%emt 00:02:08]}
30. Ne3 {[%clk 00:36:59]} {[%emt 00:02:52]} Ng8 {[%clk 00:17:27]} {[%emt
00:00:48]} 31. Ng2 {[%clk 00:35:09]} {[%emt 00:02:20]} Nf6 {[%clk 00:16:16]}
{[%emt 00:01:40]} 32. Be2 {[%clk 00:30:31]} {[%emt 00:05:08]} Nh5+ {[%clk
00:14:58]} {[%emt 00:01:49]} 33. Kf2 {[%clk 00:30:47]} {[%emt 00:00:14]} Bh3
{[%clk 00:09:21]} {[%emt 00:06:07]} 34. a3 {[%clk 00:29:36]} {[%emt 00:01:42]}
Bxg2 {[%clk 00:08:30]} {[%emt 00:01:20]} 35. Kxg2 {[%clk 00:30:04]} {[%emt
00:00:01]} Nf4+ {[%clk 00:08:51]} {[%emt 00:00:10]} 36. Kf2 {[%clk 00:30:19]}
{[%emt 00:00:15]} Nxe2 37. Kxe2 {[%clk 00:30:48]} Kf4 {[%clk 00:09:09]} {[%emt
00:00:09]} 38. c4 {[%clk 00:30:12]} {[%emt 00:01:06]} Kg3 {[%clk 00:03:33]}
{[%emt 00:06:06]} 39. Ke3 {[%clk 00:29:10]} {[%emt 00:01:32]} a5 {[%clk
00:03:07]} {[%emt 00:00:56]} 40. b4 {[%clk 00:28:26]} {[%emt 00:01:14]} axb4
{[%clk 00:03:15]} {[%emt 00:00:23]} 41. axb4 {[%clk 00:28:28]} {[%emt
00:00:27]} b6 {[%clk 00:03:03]} {[%emt 00:00:42]} 42. b5 {[%clk 00:27:40]}
{[%emt 00:01:18]} g5 {[%clk 00:03:23]} {[%emt 00:00:10]} 43. Ke2 {[%clk
00:27:39]} {[%emt 00:00:30]} Kg2 {[%clk 00:03:31]} {[%emt 00:00:23]} 44. Ke3
{[%clk 00:27:44]} {[%emt 00:00:25]} Kf1 {[%clk 00:03:56]} {[%emt 00:00:06]} 45.
f4 {[%clk 00:27:08]} {[%emt 00:01:05]} gxf4+ {[%clk 00:03:48]} {[%emt
00:00:38]} 46. Kf3 {[%clk 00:27:33]} {[%emt 00:00:05]} Ke1 {[%clk 00:04:10]}
{[%emt 00:00:08]} 0-1

[Event "DEM U16w 2025"]
[Site "Willingen GER"]
[Date "2025.06.14"]
[Round "9"]
[White "Schulten, Namita"]
[Black "Mamani Orozco, Camila Guianella"]
[Result "0-1"]
[Termination "normal"]
[Board "9"]
[WhiteElo "1696"]
[BlackElo "1689"]
[WhiteClock "01:23:17"]
[BlackClock "00:27:23"]
[PlyCount "100"]
[WhiteFideId "34663568"]
[BlackFideId "3877663"]
[EventCountry "GER"]
[EventRounds "9"]
[EventType "swiss"]
[EventDate "2025.06.07"]

1. e4 {[%clk 01:30:59]} c5 {[%clk 01:30:55]} {[%emt 00:00:05]} 2. Nf3 {[%clk
01:31:24]} {[%emt 00:00:05]} Nc6 {[%clk 01:31:17]} {[%emt 00:00:08]} 3. b4
{[%clk 01:31:49]} {[%emt 00:00:05]} Nxb4 {[%clk 01:31:37]} {[%emt 00:00:10]} 4.
c3 {[%clk 01:32:11]} {[%emt 00:00:07]} Nc6 {[%clk 01:31:59]} {[%emt 00:00:08]}
5. d4 {[%clk 01:32:35]} {[%emt 00:00:06]} cxd4 {[%clk 01:32:17]} {[%emt
00:00:12]} 6. cxd4 {[%clk 01:32:59]} {[%emt 00:00:05]} e6 {[%clk 01:32:43]}
{[%emt 00:00:04]} 7. Nc3 {[%clk 01:32:51]} {[%emt 00:00:39]} Bb4 {[%clk
01:32:53]} {[%emt 00:00:20]} 8. Bb2 {[%clk 01:33:13]} {[%emt 00:00:07]} Nf6
{[%clk 01:24:30]} {[%emt 00:08:53]} 9. Bd3 {[%clk 01:33:16]} {[%emt 00:00:29]}
d5 {[%clk 01:24:11]} {[%emt 00:00:48]} 10. e5 {[%clk 01:33:25]} {[%emt
00:00:21]} Ne4 {[%clk 01:24:06]} {[%emt 00:00:36]} 11. Rc1 {[%clk 01:33:01]}
{[%emt 00:00:53]} Nxc3 {[%clk 01:23:41]} {[%emt 00:00:56]} 12. Bxc3 {[%clk
01:33:24]} {[%emt 00:00:07]} Bxc3+ {[%clk 01:24:00]} {[%emt 00:00:11]} 13. Rxc3
{[%clk 01:33:49]} {[%emt 00:00:05]} Qa5 {[%clk 01:24:13]} {[%emt 00:00:17]} 14.
Qc2 {[%clk 01:32:32]} {[%emt 00:01:47]} Bd7 {[%clk 01:18:33]} {[%emt 00:06:10]}
15. a3 {[%clk 01:29:22]} {[%emt 00:03:40]} h6 {[%clk 01:11:43]} {[%emt
00:07:20]} 16. O-O {[%clk 01:29:25]} {[%emt 00:00:27]} O-O {[%clk 01:11:38]}
{[%emt 00:00:34]} 17. Rb1 {[%clk 01:28:44]} {[%emt 00:01:11]} Rab8 {[%clk
00:55:15]} {[%emt 00:16:50]} 18. Rd1 {[%clk 01:28:03]} {[%emt 00:01:14]} Rfc8
{[%clk 00:54:02]} {[%emt 00:01:41]} 19. Qb2 {[%clk 01:10:04]} {[%emt 00:18:32]}
Qd8 {[%clk 00:50:50]} {[%emt 00:03:39]} 20. Kh1 {[%clk 01:06:46]} {[%emt
00:03:50]} Na5 {[%clk 00:45:23]} {[%emt 00:05:56]} 21. Rdc1 {[%clk 01:04:38]}
{[%emt 00:02:40]} Rxc3 {[%clk 00:44:34]} {[%emt 00:01:19]} 22. Rxc3 {[%clk
01:05:02]} {[%emt 00:00:05]} Rc8 {[%clk 00:44:48]} {[%emt 00:00:16]} 23. h3
{[%clk 01:04:23]} {[%emt 00:01:09]} a6 {[%clk 00:28:48]} {[%emt 00:16:31]} 24.
Qb4 {[%clk 01:00:42]} {[%emt 00:04:11]} Rxc3 {[%clk 00:29:06]} {[%emt
00:00:12]} 25. Qxc3 {[%clk 01:01:06]} {[%emt 00:00:06]} b5 {[%clk 00:28:46]}
{[%emt 00:00:51]} 26. Qb4 {[%clk 00:57:34]} {[%emt 00:04:00]} Nc4 {[%clk
00:25:30]} {[%emt 00:03:47]} 27. Qc5 {[%clk 00:56:18]} {[%emt 00:01:46]} Qf8
{[%clk 00:24:10]} {[%emt 00:01:50]} 28. Qc7 {[%clk 00:53:43]} {[%emt 00:03:01]}
Qc8 {[%clk 00:21:04]} {[%emt 00:03:38]} 29. Qxc8+ {[%clk 00:54:07]} {[%emt
00:00:06]} Bxc8 {[%clk 00:21:29]} {[%emt 00:00:06]} 30. Bxc4 {[%clk 00:54:27]}
{[%emt 00:00:10]} bxc4 {[%clk 00:21:02]} {[%emt 00:00:57]} 31. Kg1 {[%clk
00:54:22]} {[%emt 00:00:35]} Bd7 {[%clk 00:20:18]} {[%emt 00:01:13]} 32. Kf1
{[%clk 00:54:25]} {[%emt 00:00:28]} f6 {[%clk 00:17:40]} {[%emt 00:03:08]} 33.
Ke2 {[%clk 00:54:44]} {[%emt 00:00:11]} a5 {[%clk 00:16:51]} {[%emt 00:01:19]}
34. Kd2 {[%clk 00:54:57]} {[%emt 00:00:17]} Kf7 {[%clk 00:16:03]} {[%emt
00:01:18]} 35. Ke3 {[%clk 00:54:49]} {[%emt 00:00:38]} Ba4 {[%clk 00:15:28]}
{[%emt 00:01:04]} 36. h4 {[%clk 00:54:25]} {[%emt 00:00:55]} Bd1 {[%clk
00:14:58]} {[%emt 00:00:58]} 37. Ne1 {[%clk 00:54:36]} {[%emt 00:00:21]} fxe5
{[%clk 00:14:36]} {[%emt 00:00:53]} 38. dxe5 {[%clk 00:54:58]} {[%emt
00:00:07]} g5 {[%clk 00:02:17]} {[%emt 00:12:48]} 39. hxg5 {[%clk 00:54:42]}
{[%emt 00:00:47]} hxg5 {[%clk 00:02:40]} {[%emt 00:00:06]} 40. f3 {[%clk
00:54:58]} {[%emt 00:00:15]} Kg6 {[%clk 00:01:35]} {[%emt 00:01:33]} 41. g4
{[%clk 00:55:19]} {[%emt 00:00:10]} Kf7 {[%clk 00:01:55]} {[%emt 00:00:08]} 42.
Kd4 {[%clk 00:55:39]} {[%emt 00:00:12]} Ke7 {[%clk 00:01:50]} {[%emt 00:00:36]}
43. Kc3 {[%clk 00:55:14]} {[%emt 00:00:55]} Kd7 {[%clk 00:01:24]} {[%emt
00:00:54]} 44. Kd2 {[%clk 00:55:40]} {[%emt 00:00:05]} Ba4 {[%clk 00:01:43]}
{[%emt 00:00:11]} 45. Ng2 {[%clk 00:55:43]} {[%emt 00:00:28]} d4 {[%clk
00:00:57]} {[%emt 00:01:15]} 46. f4 {[%clk 00:53:53]} {[%emt 00:02:20]} Bc6
{[%clk 00:28:18]} {[%emt 00:03:09]} 47. Ne1 {[%clk 01:23:15]} {[%emt 00:01:09]}
gxf4 {[%clk 00:28:29]} {[%emt 00:00:19]} 48. Nc2 {[%clk 01:23:31]} {[%emt
00:00:13]} d3 {[%clk 00:27:57]} {[%emt 00:01:03]} 49. Nd4 {[%clk 01:23:55]}
{[%emt 00:00:05]} Bd5 {[%clk 00:27:43]} {[%emt 00:00:43]} 50. g5 {[%clk
01:23:17]} {[%emt 00:01:10]} Ke7 {[%clk 00:27:23]} {[%emt 00:00:48]} 0-1

[Event "DEM U16w 2025"]
[Site "Willingen GER"]
[Date "2025.06.14"]
[Round "9"]
[White "Dodul, Alice"]
[Black "Ignatova, Gabriela"]
[Result "1/2-1/2"]
[Termination "normal"]
[Board "10"]
[WhiteElo "1749"]
[BlackElo "1688"]
[WhiteClock "00:15:47"]
[BlackClock "00:09:34"]
[PlyCount "57"]
[WhiteFideId "34623817"]
[BlackFideId "34623698"]
[EventCountry "GER"]
[EventRounds "9"]
[EventType "swiss"]
[EventDate "2025.06.07"]

1. e4 {[%clk 01:30:58]} {[%emt 00:00:02]} c5 {[%clk 01:30:49]} {[%emt
00:00:12]} 2. c3 {[%clk 01:31:24]} {[%emt 00:00:05]} d5 {[%clk 01:31:13]}
{[%emt 00:00:04]} 3. exd5 {[%clk 01:31:50]} {[%emt 00:00:05]} Nf6 {[%clk
01:31:33]} {[%emt 00:00:10]} 4. d4 {[%clk 01:32:06]} {[%emt 00:00:13]} Nxd5
{[%clk 01:31:37]} {[%emt 00:00:26]} 5. Nf3 {[%clk 01:32:14]} {[%emt 00:00:21]}
cxd4 {[%clk 01:29:17]} {[%emt 00:02:52]} 6. cxd4 {[%clk 01:29:04]} {[%emt
00:03:40]} e6 {[%clk 01:26:13]} {[%emt 00:03:34]} 7. Nc3 {[%clk 01:29:07]}
{[%emt 00:00:25]} Be7 {[%clk 01:23:46]} {[%emt 00:02:58]} 8. Be2 {[%clk
01:28:22]} {[%emt 00:01:14]} O-O {[%clk 01:21:20]} {[%emt 00:02:56]} 9. O-O
{[%clk 01:28:45]} {[%emt 00:00:07]} Nc6 {[%clk 01:19:09]} {[%emt 00:02:43]} 10.
a3 {[%clk 01:27:16]} {[%emt 00:01:58]} Bf6 {[%clk 01:15:09]} {[%emt 00:04:29]}
11. Ne4 {[%clk 01:24:57]} {[%emt 00:02:48]} Nb6 {[%clk 01:11:04]} {[%emt
00:04:37]} 12. Be3 {[%clk 01:21:40]} {[%emt 00:03:47]} h6 {[%clk 01:09:23]}
{[%emt 00:02:11]} 13. Rc1 {[%clk 01:17:28]} {[%emt 00:04:42]} Qe7 {[%clk
01:06:32]} {[%emt 00:03:21]} 14. Qc2 {[%clk 01:11:28]} {[%emt 00:06:29]} Rd8
{[%clk 01:06:00]} {[%emt 00:01:02]} 15. Rfd1 {[%clk 01:10:46]} {[%emt
00:01:12]} Bd7 {[%clk 01:04:48]} {[%emt 00:01:43]} 16. Bf4 {[%clk 01:04:10]}
{[%emt 00:07:05]} Be8 {[%clk 00:46:04]} {[%emt 00:19:15]} 17. Be5 {[%clk
00:51:47]} {[%emt 00:12:52]} Bxe5 {[%clk 00:43:51]} {[%emt 00:02:43]} 18. dxe5
{[%clk 00:51:23]} {[%emt 00:00:55]} Nd5 {[%clk 00:36:55]} {[%emt 00:07:25]} 19.
b4 {[%clk 00:39:11]} {[%emt 00:12:42]} a6 {[%clk 00:34:34]} {[%emt 00:02:52]}
20. Qb2 {[%clk 00:35:27]} {[%emt 00:04:13]} Nf4 {[%clk 00:31:44]} {[%emt
00:03:21]} 21. g3 {[%clk 00:29:08]} {[%emt 00:06:48]} Nxe2+ {[%clk 00:30:10]}
{[%emt 00:02:04]} 22. Qxe2 {[%clk 00:29:31]} {[%emt 00:00:07]} Rxd1+ {[%clk
00:29:34]} {[%emt 00:01:06]} 23. Rxd1 {[%clk 00:29:49]} {[%emt 00:00:12]} f5
{[%clk 00:24:21]} {[%emt 00:05:44]} 24. exf6 {[%clk 00:26:27]} {[%emt
00:03:52]} gxf6 {[%clk 00:20:41]} {[%emt 00:04:09]} 25. Nd4 {[%clk 00:24:30]}
{[%emt 00:02:27]} Nxd4 {[%clk 00:15:32]} {[%emt 00:05:39]} 26. Rxd4 {[%clk
00:24:46]} {[%emt 00:00:14]} f5 {[%clk 00:14:19]} {[%emt 00:01:43]} 27. Nc5
{[%clk 00:23:34]} {[%emt 00:01:42]} Bc6 {[%clk 00:11:25]} {[%emt 00:03:24]} 28.
f4 {[%clk 00:18:43]} {[%emt 00:05:20]} Re8 {[%clk 00:09:34]} {[%emt 00:02:23]}
29. Rd2 {[%clk 00:15:47]} {[%emt 00:03:25]} 1/2-1/2

[Event "DEM U16w 2025"]
[Site "Willingen GER"]
[Date "2025.06.14"]
[Round "9"]
[White "Oellrich, Emma"]
[Black "Fischermann, Charlotte"]
[Result "1/2-1/2"]
[Termination "normal"]
[Board "11"]
[WhiteElo "1824"]
[BlackElo "1715"]
[WhiteClock "00:09:31"]
[BlackClock "00:35:37"]
[PlyCount "122"]
[WhiteFideId "16268806"]
[BlackFideId "34619690"]
[EventCountry "GER"]
[EventRounds "9"]
[EventType "swiss"]
[EventDate "2025.06.07"]

1. d4 {[%clk 01:30:59]} Nf6 {[%clk 01:30:50]} {[%emt 00:00:10]} 2. c4 {[%clk
01:31:24]} {[%emt 00:00:05]} g6 {[%clk 01:31:07]} {[%emt 00:00:12]} 3. Nc3
{[%clk 01:31:50]} {[%emt 00:00:04]} d5 {[%clk 01:31:31]} {[%emt 00:00:07]} 4.
Nf3 {[%clk 01:32:16]} {[%emt 00:00:04]} Bg7 {[%clk 01:31:50]} {[%emt 00:00:10]}
5. Qb3 {[%clk 01:32:42]} {[%emt 00:00:05]} dxc4 {[%clk 01:32:03]} {[%emt
00:00:16]} 6. Qxc4 {[%clk 01:33:06]} {[%emt 00:00:06]} O-O {[%clk 01:32:20]}
{[%emt 00:00:14]} 7. e4 {[%clk 01:33:28]} {[%emt 00:00:09]} Nc6 {[%clk
01:32:17]} {[%emt 00:00:33]} 8. Be2 {[%clk 01:27:19]} {[%emt 00:06:39]} Bg4
{[%clk 01:32:05]} {[%emt 00:00:42]} 9. Be3 {[%clk 01:26:56]} {[%emt 00:00:53]}
Bxf3 {[%clk 01:31:33]} {[%emt 00:01:01]} 10. Bxf3 {[%clk 01:20:34]} {[%emt
00:06:52]} e5 {[%clk 01:31:33]} {[%emt 00:00:30]} 11. d5 {[%clk 01:19:39]}
{[%emt 00:01:26]} Nd4 {[%clk 01:23:01]} {[%emt 00:09:01]} 12. Bxd4 {[%clk
01:15:48]} {[%emt 00:04:21]} exd4 {[%clk 01:23:26]} {[%emt 00:00:06]} 13. Ne2
{[%clk 01:16:06]} {[%emt 00:00:12]} Re8 {[%clk 01:23:32]} {[%emt 00:00:24]} 14.
Qc2 {[%clk 01:13:30]} {[%emt 00:03:05]} c6 {[%clk 01:21:05]} {[%emt 00:02:57]}
15. O-O {[%clk 00:58:03]} {[%emt 00:15:57]} cxd5 {[%clk 01:20:45]} {[%emt
00:00:50]} 16. exd5 {[%clk 00:56:21]} {[%emt 00:02:12]} Nxd5 {[%clk 01:20:58]}
{[%emt 00:00:17]} 17. Qb3 {[%clk 00:54:27]} {[%emt 00:02:24]} Nb6 {[%clk
01:11:23]} {[%emt 00:10:05]} 18. Nf4 {[%clk 00:51:11]} {[%emt 00:03:46]} Qc7
{[%clk 01:10:20]} {[%emt 00:01:33]} 19. g3 {[%clk 00:50:43]} {[%emt 00:00:58]}
Rad8 {[%clk 01:08:56]} {[%emt 00:01:54]} 20. Rac1 {[%clk 00:50:39]} {[%emt
00:00:33]} Qd7 {[%clk 01:08:04]} {[%emt 00:01:22]} 21. Nd3 {[%clk 00:47:54]}
{[%emt 00:03:16]} Qa4 {[%clk 00:57:02]} {[%emt 00:11:32]} 22. Qxa4 {[%clk
00:43:13]} {[%emt 00:05:11]} Nxa4 {[%clk 00:57:10]} {[%emt 00:00:23]} 23. Bxb7
{[%clk 00:43:33]} {[%emt 00:00:09]} Re2 {[%clk 00:54:24]} {[%emt 00:03:17]} 24.
Bf3 {[%clk 00:17:45]} {[%emt 00:26:17]} Rd2 {[%clk 00:46:46]} {[%emt 00:08:08]}
25. Rfd1 {[%clk 00:17:19]} {[%emt 00:00:56]} Rxd1+ {[%clk 00:46:57]} {[%emt
00:00:19]} 26. Rxd1 {[%clk 00:17:42]} {[%emt 00:00:07]} Rb8 {[%clk 00:47:01]}
{[%emt 00:00:26]} 27. Rd2 {[%clk 00:17:28]} {[%emt 00:00:44]} Rc8 {[%clk
00:42:50]} {[%emt 00:04:41]} 28. Bd1 {[%clk 00:14:59]} {[%emt 00:02:59]} Nb6
{[%clk 00:42:10]} {[%emt 00:01:10]} 29. Bb3 {[%clk 00:14:56]} {[%emt 00:00:34]}
Kf8 {[%clk 00:41:58]} {[%emt 00:00:41]} 30. Kg2 {[%clk 00:13:45]} {[%emt
00:01:40]} Nc4 {[%clk 00:36:58]} {[%emt 00:05:31]} 31. Rc2 {[%clk 00:13:05]}
{[%emt 00:01:11]} Nd6 {[%clk 00:35:24]} {[%emt 00:02:01]} 32. Nc5 {[%clk
00:10:47]} {[%emt 00:02:51]} h5 {[%clk 00:31:45]} {[%emt 00:04:08]} 33. h4
{[%clk 00:08:00]} {[%emt 00:03:16]} Kg8 {[%clk 00:26:48]} {[%emt 00:05:28]} 34.
Ba4 {[%clk 00:07:43]} {[%emt 00:00:47]} Rc7 {[%clk 00:24:44]} {[%emt 00:02:34]}
35. b4 {[%clk 00:07:06]} {[%emt 00:01:07]} Nb7 {[%clk 00:23:54]} {[%emt
00:01:19]} 36. Bb3 {[%clk 00:04:04]} {[%emt 00:03:33]} Nxc5 {[%clk 00:23:52]}
{[%emt 00:00:32]} 37. Rxc5 {[%clk 00:02:54]} {[%emt 00:01:41]} Rxc5 {[%clk
00:23:13]} {[%emt 00:01:07]} 38. bxc5 {[%clk 00:03:14]} {[%emt 00:00:11]} Kf8
{[%clk 00:23:23]} {[%emt 00:00:20]} 39. Kf3 {[%clk 00:03:32]} {[%emt 00:00:13]}
Ke7 {[%clk 00:19:59]} {[%emt 00:03:54]} 40. Ke4 {[%clk 00:03:19]} {[%emt
00:00:42]} f5+ {[%clk 00:17:55]} {[%emt 00:02:34]} 41. Kd5 {[%clk 00:01:54]}
{[%emt 00:01:54]} Kd7 {[%clk 00:17:32]} {[%emt 00:00:53]} 42. Ba4+ {[%clk
00:30:05]} {[%emt 00:02:20]} Kc7 {[%clk 00:47:04]} {[%emt 00:00:58]} 43. Kc4
{[%clk 00:27:29]} {[%emt 00:03:06]} Bf6 {[%clk 00:46:04]} {[%emt 00:01:30]} 44.
Be8 {[%clk 00:27:34]} {[%emt 00:00:25]} f4 {[%clk 00:44:01]} {[%emt 00:02:34]}
45. gxf4 {[%clk 00:23:56]} {[%emt 00:04:07]} Bxh4 {[%clk 00:44:07]} {[%emt
00:00:24]} 46. Bxg6 {[%clk 00:24:22]} {[%emt 00:00:04]} Bxf2 {[%clk 00:44:08]}
{[%emt 00:00:30]} 47. Bxh5 {[%clk 00:24:42]} {[%emt 00:00:10]} d3 {[%clk
00:44:08]} {[%emt 00:00:29]} 48. Bf3 {[%clk 00:23:52]} {[%emt 00:01:20]} d2
{[%clk 00:43:32]} {[%emt 00:01:06]} 49. Kb5 {[%clk 00:23:25]} {[%emt 00:00:58]}
a6+ {[%clk 00:42:06]} {[%emt 00:01:56]} 50. Kc4 {[%clk 00:20:22]} {[%emt
00:03:33]} Be3 {[%clk 00:41:25]} {[%emt 00:01:09]} 51. f5 {[%clk 00:20:42]}
{[%emt 00:00:11]} Bg5 {[%clk 00:41:02]} {[%emt 00:00:52]} 52. Kd5 {[%clk
00:18:36]} {[%emt 00:02:37]} Be7 {[%clk 00:40:47]} {[%emt 00:00:44]} 53. c6
{[%clk 00:18:32]} {[%emt 00:00:36]} Bb4 {[%clk 00:39:46]} {[%emt 00:01:30]} 54.
f6 {[%clk 00:17:55]} {[%emt 00:01:06]} Bf8 {[%clk 00:39:00]} {[%emt 00:01:16]}
55. f7 {[%clk 00:17:42]} {[%emt 00:00:44]} Kb6 {[%clk 00:38:19]} {[%emt
00:01:11]} 56. a4 {[%clk 00:13:01]} {[%emt 00:05:12]} a5 {[%clk 00:38:33]}
{[%emt 00:00:16]} 57. Ke6 {[%clk 00:11:36]} {[%emt 00:01:54]} d1=Q {[%clk
00:37:23]} {[%emt 00:01:41]} 58. Bxd1 {[%clk 00:12:00]} {[%emt 00:00:05]} Kxc6
{[%clk 00:37:44]} {[%emt 00:00:08]} 59. Bb3 {[%clk 00:10:37]} {[%emt 00:01:54]}
Bb4 {[%clk 00:37:09]} {[%emt 00:01:04]} 60. Kf6 {[%clk 00:10:04]} {[%emt
00:01:03]} Bf8 {[%clk 00:37:18]} {[%emt 00:00:21]} 61. Ke6 {[%clk 00:09:31]}
{[%emt 00:01:03]} Bb4 {[%clk 00:35:37]} {[%emt 00:02:11]} 1/2-1/2